[Event "Asian Zonal 3.3 Women 2019"]
[Site "Ulaanbaatar"]
[Date "2019.04.11"]
[Round "5.5"]
[White "Vo, Thi Kim Phung"]
[Black "Yanjinlkham, Bayarsaikhan"]
[Result "1-0"]
[WhiteElo "2349"]
[BlackElo "1951"]
[Annotator "NA RC"]
[PlyCount "91"]
[EventDate "2019.04.07"]
[EventType "swiss"]
[EventRounds "9"]
[EventCountry "MGL"]
[SourceTitle "playchess.com"]
[Source "ChessBase"]
[SourceQuality "1"]
[TimeControl "40/5400+30:1800+30"]

1. d4 {[%emt 0:00:00]} d5 {[%emt 0:00:00]} 2. Nf3 {[%emt 0:00:00]} c6 {[%emt 0:00:00]} 3. g3 {[%emt 0:00:00]} e6 {[%emt 0:00:29]} 4. Bg2 {[%emt 0:00:08]} f5 {[%emt 0:00:02]} 5. O-O {[%emt 0:00:17]} Nf6 {[%emt 0:00:12]} 6. c4 {[%emt 0:00:05]} Bd6 {[%emt 0:00:31]} 7. Nc3 {[%emt 0:00:08]} O-O {[%emt 0:00:43]} 8. Qc2 {[%emt 0:00:03]} Qe7 {[%emt 0:04:50]} 9. Rb1 {[%emt 0:00:17] A90: Dutch Defence: Miscellaneous and Modern Stonewall (with ...Bd6)} b6 {[%emt 0:03:57]} (9... Bd7 10. c5 Bc7 11. b4 Ne4 12. Nxe4 fxe4 13. Bg5 Qf7 14. Ne5 Bxe5 15. dxe5 Be8 16. f3 Nd7 17. fxe4 {½-½ (48) Wojtaszek,R (2750)-Sadzikowski,D (2588) Warsaw 2018}) 10. cxd5 {[%emt 0:02:38]} exd5 {[%emt 0:01:11]} 11. Bf4 {[%emt 0:01:22]} Bxf4 {[%emt 0:08:14]} 12. gxf4 {[%emt 0:00:05]} Ne4 {[%emt 0:07:56]} 13. Ne5 {[%emt 0:06:13]} Bb7 {[%emt 0:00:47]} 14. e3 {[%emt 0:00:50]} Rf6 $146 {[%emt 0:03:58]} ({Predecessor:} 14... Qe6 15. Nxe4 fxe4 16. f3 Ba6 {1-0 (73) Malaniuk,V (2610)-Parker,J (2400) Hastings 1994}) 15. Nxe4 {[%emt 0:01:52]} fxe4 {[%emt 0:03:14]} 16. f3 {[%emt 0:02:43]} exf3 {[%emt 0:02:43]} 17. Rxf3 {[%emt 0:00:25]} Bc8 {[%emt 0:03:52]} 18. Bh3 {[%emt 0:00:32]} Bb7 {[%emt 0:08:40]} 19. b4 {[%emt 0:15:29]} Na6 {[%emt 0:04:40]} 20. b5 {[%emt 0:06:31]} cxb5 {[%emt 0:13:08]} 21. Rxb5 {[%emt 0:00:16]} Rd8 {[%emt 0:01:21]} 22. Rg3 {[%emt 0:02:00]} Nb4 {[%emt 0:05:22]} 23. Rxb4 {[%emt 0:01:52]} Qxb4 {[%emt 0:05:20]} 24. Qc7 {[%emt 0:00:04]} Qf8 {[%emt 0:01:21]} 25. Qxb7 {[%emt 0:00:33]} Rfd6 {[%emt 0:01:15]} 26. Rg5 {[%emt 0:10:43]} g6 {[%emt 0:04:57]} 27. Rg2 {[%emt 0:02:48]} Qg7 {[%emt 0:00:50]} 28. Qxg7+ {[%emt 0:00:19]} Kxg7 {[%emt 0:00:02]} 29. Rc2 {[%emt 0:00:10]} Ra8 {[%emt 0:02:05]} 30. Rc7+ {[%emt 0:00:07]} Kg8 {[%emt 0:00:14]} 31. Bg2 {[%emt 0:02:58]} Rad8 {[%emt 0:03:01]} 32. Bh3 {[%emt 0:07:15]} Ra8 $1 {[%emt 0:01:11]} 33. Nf7 {[%emt 0:02:13]} Rf6 {[%emt 0:00:25]} 34. Nh6+ {[%emt 0:00:10]} Kf8 {[%emt 0:04:01]} 35. Rxh7 {[%emt 0:04:15]} Re8 {[%emt 0:00:09]} 36. Rxa7 {[%emt 0:03:53]} b5 {[%emt 0:03:08]} 37. Ng4 {[%emt 0:01:57]} Rf7 {[%emt 0:01:23]} 38. Ra5 {[%emt 0:00:10]} Rb7 {[%emt 0:01:08]} 39. Ne5 {[%emt 0:00:25]} Kg7 {[%emt 0:00:25]} 40. Ra6 {[%emt 0:00:00]} Kh7 {[%emt 0:00:00]} 41. Kf2 {[%emt 0:01:09]} Rbe7 {[%emt 0:03:37]} 42. Bg2 {[%emt 0:01:06]} Rc7 {[%emt 0:01:01]} 43. Bxd5 {[%emt 0:00:19]} Rc2+ {[%emt 0:00:13]} 44. Kg3 {[%emt 0:00:13]} Rc3 {[%emt 0:00:24]} 45. Kf3 {[%emt 0:00:43]} Rd8 {[%emt 0:00:34]} 46. Ra7+ {[%emt 0:00:30]} 1-0

[Event "Asian Zonal 3.3 Women 2019"]
[Site "Ulaanbaatar"]
[Date "2019.04.11"]
[Round "5.6"]
[White "Hoang, Thi Bao Tram"]
[Black "Doan, Thi Hong Nhung"]
[Result "1-0"]
[WhiteElo "2298"]
[BlackElo "1938"]
[Annotator "NA RC"]
[PlyCount "47"]
[EventDate "2019.04.07"]
[EventType "swiss"]
[EventRounds "9"]
[EventCountry "MGL"]
[SourceTitle "playchess.com"]
[Source "ChessBase"]
[SourceQuality "1"]
[TimeControl "40/5400+30:1800+30"]

1. d4 {[%emt 0:00:00]} Nf6 {[%emt 0:00:00]} 2. c4 {[%emt 0:01:02]} e6 {[%emt 0:00:11]} 3. Nc3 {[%emt 0:00:59]} Bb4 {[%emt 0:01:19]} 4. e3 {[%emt 0:00:38]} c5 {[%emt 0:01:19]} 5. Bd3 {[%emt 0:02:40]} Nc6 {[%emt 0:04:13]} 6. Nge2 {[%emt 0:01:22]} d5 {[%emt 0:02:29]} 7. a3 {[%emt 0:02:10]} cxd4 {[%emt 0:04:01]} 8. exd4 {[%emt 0:00:57]} Be7 {[%emt 0:01:35]} 9. O-O {[%emt 0:03:46]} O-O {[%emt 0:01:54]} 10. Bf4 {[%emt 0:03:32]} b6 {[%emt 0:03:13]} 11. cxd5 {[%emt 0:02:43]} exd5 {[%emt 0:01:19]} 12. Rc1 {[%emt 0:01:41]} Bb7 {[%emt 0:04:27]} 13. Bb1 {[%emt 0:04:34]} Bd6 $16 {[%emt 0:27:43]} 14. Bg5 {[%emt 0:10:34]} Bxh2+ {[%emt 0:12:17]} 15. Kxh2 {[%emt 0:02:30]} Ng4+ {[%emt 0:00:42]} 16. Kg3 {[%emt 0:00:53]} Qxg5 {[%emt 0:01:23]} 17. f4 {[%emt 0:00:30]} Qe7 {[%emt 0:02:48]} 18. Kxg4 {[%emt 0:00:49]} Rad8 {[%emt 0:02:14]} 19. Qd3 {[%emt 0:02:35]} f5+ {[%emt 0:01:20]} 20. Kg3 {[%emt 0:01:25]} Rd6 {[%emt 0:01:32]} 21. Rh1 {[%emt 0:01:03]} Na5 {[%emt 0:00:52]} 22. Ba2 {[%emt 0:03:31]} Re8 {[%emt 0:04:48]} 23. Kf2 {[%emt 0:01:54]} Re6 {[%emt 0:03:41]} 24. Ng3 {[%emt 0:02:13]} 1-0

[Event "Asian Zonal 3.3 Women 2019"]
[Site "Ulaanbaatar"]
[Date "2019.04.11"]
[Round "5.6"]
[White "Pham, Bich Ngoc"]
[Black "Nguyen, Thi Mai Hung"]
[Result "1/2-1/2"]
[WhiteElo "2160"]
[BlackElo "2281"]
[Annotator "TA"]
[PlyCount "92"]
[EventDate "2019.04.07"]
[EventType "swiss"]
[EventRounds "9"]
[EventCountry "MGL"]
[SourceTitle "playchess.com"]
[Source "ChessBase"]
[SourceQuality "1"]

{[%evp 9,92,-10,0,-12,0,-12,0,-2,0,0,0,0,18,-33,14,17,21,-14,-14,0,0,-14,3,10,62,70,147,148,144,141,138,138,140,147,155,114,128,151,203,206,169,75,154,148,151,151,160,153,188,170,165,178,175,161,161,129,106,29,60,13,22,24,48,0,0,0,0,-17,-12,-65,-56,-71,-14,-11,-10,-11,-8,-15,0,0,8,8,8,8,8]} 1. f4 d5 2. Nf3 Bf5 3. g3 e6 4. Bg2 Nf6 5. O-O h6 6. d3 {A03: Bird's Opening with 1...d5} Bc5+ 7. e3 c6 8. Nc3 (8. Qe2 Nbd7 9. Nc3 b5 10. Kh1 b4 11. e4 Bh7 12. Na4 dxe4 {0-1 (38) Bartel,M (2653)-Oparin,G (2575) Gjakova 2016}) 8... O-O 9. Qe2 Nbd7 $146 ({Predecessor:} 9... Bh7 10. Kh1 Bb4 11. a3 Ba5 12. b4 Bc7 {1-0 (54) Sternina,V (2105)-Medianikova,N Moscow 1981}) 10. Kh1 Bh7 11. Bd2 (11. e4 $11) 11... Qc7 12. e4 dxe4 13. dxe4 Rfd8 14. e5 Nd5 15. Ne4 Be7 16. c4 $36 {[%mdl 2048] White has some pressure.} N5b6 (16... Nb4 $1 $11) 17. Ba5 $14 Nb8 ({Better is} 17... Nc5 $14 18. Nf2 Na6) 18. b4 $1 $16 c5 19. b5 ({Worse is} 19. bxc5 Bxc5 20. Bc3 (20. Nxc5 Qxc5 {[%mdl 64] Double Attack} 21. Bxb6 axb6 $15) 20... Be7 $11) (19. Nxc5 Nc6 $17) 19... N8d7 20. a4 a6 21. Nfd2 Kh8 22. Rfb1 f6 23. exf6 Nxf6 {[#]} (23... Bxf6 $16 24. Nxf6 Nxf6) 24. Bc3 $1 $18 axb5 {[#]} 25. axb5 ({Don't do} 25. Rxb5 $6 Nxa4 26. Be5 Qd7 $16) (25. a5 $1 $18 {[%cal Ra5b6] has better winning chances.} Nxc4 26. Nxc4 bxc4 27. Nxf6 Bxb1 28. Nh5) 25... Nbd7 (25... Qd7 $142) 26. Rd1 $16 Rxa1 27. Rxa1 b6 28. Nf2 {[%cal Be4f2,Bf2g4,Bg4e5][%mdl 32]} Nf8 29. Nf3 {aiming for Ne5.} N6d7 30. Ng4 Kg8 31. Nfe5 Nxe5 32. Nxe5 ({Much less strong is} 32. fxe5 $6 Rd3 $14) 32... Bf6 33. Be4 (33. Ra6 $16) 33... Bf5 34. g4 Bxe4+ 35. Qxe4 Qd6 36. Re1 Nd7 37. Qg6 {Threatens to win with Nf7.} Bxe5 38. fxe5 Qe7 39. Rf1 ({White should play} 39. Rd1 $1 $11) 39... Nf8 $15 40. Qe4 Qd7 (40... Qg5 $17) 41. Kg2 $11 {The position is equal.} Qd3 42. Qxd3 $1 Rxd3 43. Rf3 Rxf3 44. Kxf3 Kf7 45. h4 Ke7 46. h5 Kf7 {Accuracy: White = 61%, Black = 50%.} 1/2-1/2

[Event "Asian Zonal 3.3 Women 2019"]
[Site "Ulaanbaatar"]
[Date "2019.04.11"]
[Round "5.7"]
[White "Mandukhai, Myagmarsuren"]
[Black "Sihite, Chelsie Monica Igne"]
[Result "0-1"]
[WhiteElo "1902"]
[BlackElo "2227"]
[Annotator "TA"]
[PlyCount "66"]
[EventDate "2019.04.07"]
[EventType "swiss"]
[EventRounds "9"]
[EventCountry "MGL"]
[SourceTitle "playchess.com"]
[Source "ChessBase"]
[SourceQuality "1"]

{[%evp 21,66,44,54,0,0,0,35,-7,-14,-32,-35,-63,-27,-33,0,0,0,-85,-77,-103,0,-6,0,-7,-7,-35,-29,-41,-58,-51,0,0,0,0,46,45,104,114,97,-59,-66,-1627,-1602,-1591,-1553,-1578,-1511]} 1. d4 Nf6 2. c4 b6 3. Nc3 Bb7 4. Nf3 e6 5. g3 Ne4 6. Bg2 Nxc3 7. bxc3 Be7 8. O-O O-O 9. Qc2 f5 10. d5 Bf6 11. Rd1 Qc8 12. Bg5 {E19: Queen's Indian: Old Main Line with 7...Ne4 8 Qc2 Nxc3 8 Qxc3} (12. Nd4 $14) 12... Bxg5 $146 ({Predecessor:} 12... Na6 13. e4 fxe4 14. Qxe4 Nc5 15. Qc2 Qe8 16. Bxf6 Rxf6 17. Ng5 Qg6 18. Ne4 Rff8 19. Qe2 Nxe4 20. Bxe4 {1-0 (64) Unrath,H (2320)-Stobik,D (2310) Wuerttemberg 1992}) 13. Nxg5 e5 (13... h6 $5 {[%cal Rh6g5]} 14. Nf3 Na6 $11) 14. e4 {White is slightly better.} (14. c5 $5) 14... f4 15. gxf4 Rxf4 16. Nh3 Rh4 17. f4 $1 d6 18. f5 Qd8 19. Rf1 (19. Rd3 $11) 19... Nd7 $17 20. Qd2 Rh5 (20... Nc5 $17 21. Qe3 Qf6) 21. Rf3 $11 Qf6 22. Rg3 Nc5 23. Kh1 Qh6 24. Qe2 Rf8 25. Rg1 Kh8 (25... Rf6 $1 $15) 26. Qf1 Rh4 $36 {[%mdl 2048] Black has good play.} 27. Bf3 $1 Rg8 28. Qg2 Nd3 ({Better is} 28... Qf6 $14) 29. Ng5 $16 {[%cal Rg5f7]} Qf6 {[#]} 30. Rh3 $2 ({White should try} 30. Bh5 $1 $16 {[%mdl 512] Black must now prevent Nf7+.} Rxh5 31. Rxd3) 30... Rxh3 $15 {[%mdl 64] Overworked Piece} 31. Qxh3 $4 {[%mdl 8192]} (31. Nxh3 $15 g6 32. Qd2) 31... Nf2+ $19 {[%mdl 64] Double Attack. Black is clearly winning.} 32. Kg2 Nxh3 33. Kxh3 g6 {Accuracy: White = 48%, Black = 40%.} 0-1

[Event "Asian Zonal 3.3 Women 2019"]
[Site "Ulaanbaatar"]
[Date "2019.04.11"]
[Round "5.8"]
[White "Tsogzolmaa, Nanjid"]
[Black "Altantuya, Boldbaatar"]
[Result "0-1"]
[WhiteElo "1815"]
[BlackElo "2223"]
[Annotator "TA"]
[PlyCount "116"]
[EventDate "2019.04.07"]
[EventType "swiss"]
[EventRounds "9"]
[EventCountry "MGL"]
[SourceTitle "playchess.com"]
[Source "ChessBase"]
[SourceQuality "1"]

{[%evp 15,116,12,20,11,24,33,14,0,35,24,24,14,75,72,70,21,26,18,54,41,46,44,44,37,41,36,69,65,79,53,63,52,72,35,37,29,40,31,96,0,0,-22,-22,-15,-19,-13,-8,-6,-6,-6,-16,-352,-97,-381,-388,-457,-314,-312,-162,-163,-169,-148,-154,-162,-158,-163,-141,-150,-138,-274,-268,-271,-204,-194,-134,-183,-140,-160,-109,-152,-76,-227,-215,-220,-216,-312,-296,-296,-290,-281,-186,-209,-209,-1116,-1113,-973,-866,-5089,-2287,-5277,-392,-5173,-1264]} 1. d4 Nf6 2. Nf3 e6 3. Bf4 d5 4. e3 Bd6 5. Bxd6 Qxd6 6. c4 b6 7. Nc3 O-O 8. cxd5 exd5 9. Rc1 {D02: 1 d4 d5 2 Nf3 sidelines, including 2...Nf6 3 g3 and 2...Nf6 3 Bf4} c5 $146 ({Predecessor:} 9... a6 10. Qc2 Bb7 11. Bd3 Nbd7 12. O-O Rfe8 13. Na4 Rac8 14. Nc5 bxc5 15. dxc5 Qc6 16. Nd4 Qxc5 17. Qxc5 Nxc5 18. Rxc5 {½-½ (70) Berg,E (2557)-Grandelius,N (2642) Stockholm 2017}) 10. dxc5 bxc5 11. Be2 {The position is equal.} Bf5 12. O-O Nbd7 13. Nh4 Qe6 (13... Be6 $1 $11 {keeps the balance.}) 14. Nxf5 Qxf5 15. Nb5 Qe5 16. b3 Rfe8 17. Bf3 Rab8 18. Nc3 {[%cal Rc3d5]} Nb6 19. Ne2 Rbc8 20. Qd3 Red8 21. Rfd1 g6 22. Qb5 Qe7 23. g3 Rc7 24. Rc2 Nbd7 {[%cal Bb6d7,Bd7e5,Be5c6,Bc6d4][%mdl 32]} 25. Bg2 ({And not} 25. Bxd5 Nb6 $17) 25... Ne5 26. Qa5 Ne4 (26... c4 $14) 27. Nc3 (27. Nf4 $1 $16 {[%cal Rf4d5]} Rcd7 28. Rxd5 $1 {[%mdl 576] Remove Defender} Rxd5 29. Nxd5 Rxd5 30. Bxe4) 27... Nc6 $11 28. Qa4 (28. Qb5 $5 {[%cal Rc3d5]} Nxc3 29. Rxc3 $11) 28... Nxc3 29. Rxc3 d4 30. exd4 Nxd4 {( -> ...Ne2+)} 31. Rcd3 Rcd7 $36 {[%mdl 2048] And now ...Ne2+ would win. Black fights for an advantage.} 32. Kh1 Qe2 33. b4 $2 {[%mdl 8192] [#]} (33. R3d2 $11 {and White has nothing to worry.} Qe6 34. h3) 33... cxb4 $2 (33... c4 $1 $19 {[%cal Rc4d3]} 34. R3d2 Qh5) 34. Re3 $2 {[%mdl 8192]} (34. Bh3 $17 {was worth a try.} Rd6 35. Qxb4 Qxf2 36. Qd2 Qxd2 37. R1xd2) 34... Qxf2 $19 35. Red3 Qe2 36. R3d2 Qe3 (36... Qh5 $142 {White must now prevent ...Nf3.} 37. Rf1 a5) 37. Qxb4 {[#]} Nc6 $1 {[%cal Rd7d2][%mdl 512]} 38. Rxd7 (38. Bxc6 Rxd2) 38... Rxd7 ({Much worse is} 38... Nxb4 39. Rxd8+ Kg7 40. R8d2 $15) 39. Qb1 Rxd1+ 40. Qxd1 Nd4 41. Qb1 Ne2 42. Qf1 (42. Ba8 $17) 42... Nc3 43. Bc6 Kg7 44. Qa1 f6 (44... h5 $19 45. a4 a5) 45. a4 Qc5 46. Bf3 a5 (46... Qf2 $142 47. Bc6 Qc5) 47. Kg2 Qb4 ({Better is} 47... Nd5 48. Bxd5 Qxd5+ 49. Kf2 Qd2+ 50. Kg1 g5) 48. Bd1 $2 (48. Qg1 $17) 48... Qe4+ 49. Bf3 {[#]} Qc2+ $1 50. Kg1 (50. Kh3 $142) 50... Nxa4 51. Qe1 Qc5+ 52. Kg2 Nc3 {aiming for ...Nd5.} 53. Qe6 {intending Qd7+.} Qc7 54. Bd5 $2 (54. h4) 54... Nxd5 55. Qxd5 a4 {[%cal Ba5a4,Ba4a3][%mdl 32]} 56. Qa2 Qb7+ 57. Kg1 Qa7+ $2 (57... Qb3 58. Qd2 a3 59. Qd7+ Qf7) 58. Kg2 $2 (58. Kf1) 58... a3 {Accuracy: White = 32%, Black = 46%.} 0-1

[Event "Asian Zonal 3.3 Women 2019"]
[Site "Ulaanbaatar"]
[Date "2019.04.11"]
[Round "5.9"]
[White "Nguyen, Thi Thanh An"]
[Black "Amina, Battsooj"]
[Result "1-0"]
[WhiteElo "2264"]
[BlackElo "2155"]
[Annotator "TA"]
[PlyCount "91"]
[EventDate "2019.04.07"]
[EventType "swiss"]
[EventRounds "9"]
[EventCountry "MGL"]
[SourceTitle "playchess.com"]
[Source "ChessBase"]
[SourceQuality "1"]

{[%evp 22,91,33,11,105,108,98,100,100,102,132,133,163,126,132,132,132,132,132,132,134,129,146,142,161,154,169,168,192,187,212,207,225,223,228,218,283,283,284,240,257,203,261,261,260,260,281,300,291,293,292,285,272,266,252,252,269,256,260,255,425,414,453,435,420,422,508,519,620,594,616,569]} 1. d4 Nf6 2. c4 e6 3. Nf3 d5 4. Qc2 Be7 5. Bg5 O-O 6. e3 h6 7. Bh4 Nbd7 8. Nc3 a6 9. cxd5 exd5 10. Bd3 c6 11. O-O Re8 12. Bg3 {LiveBook: 7 Games} Nh5 {[#] D36: Queen's Gambit Declined: Exchange Variation: Main line (5 Bg5 c6 6 Qc2)} (12... c5 $11) (12... b5 13. Rad1 Bb7 14. Ne5 Nxe5 15. Bxe5 Ng4 16. Bg3 Bd6 17. Bf5 Bxg3 18. hxg3 Nf6 19. Rfe1 {½-½ (20) Manolache,M (2481)-Petkov,V (2494) Pontevedra 2018}) 13. Nxd5 $1 $16 Nxg3 14. Nxe7+ Qxe7 {White is better.} 15. hxg3 c5 16. Rfe1 $146 ({Predecessor:} 16. Nh4 b6 17. Rfd1 Bb7 18. Bf5 cxd4 19. Rxd4 Ne5 20. Qb3 {½-½ (51) Slatau,R-Vesovic,M Yugoslavia 1954}) 16... b6 17. Bh7+ Kh8 18. Bf5 Nf6 19. dxc5 bxc5 20. Rac1 Bxf5 21. Qxf5 Rac8 22. Rc2 Red8 23. Rec1 Rc7 24. Qe5 ({Don't go for} 24. Rxc5 $2 Rxc5 25. Qb1 (25. Rxc5 $2 {too greedy.} Qxc5 26. Qb1 Rc8 $19) 25... Rxc1+ 26. Qxc1 {[#]} Qc5 $1 $19 {[%mdl 512]}) 24... Qxe5 25. Nxe5 Rd5 26. Nc4 Ne4 27. g4 Nf6 28. f3 h5 29. gxh5 Nxh5 30. Kf2 Kg8 31. Rd2 Rcd7 32. Rxd5 Rxd5 $18 {[%mdl 4096] Endgame KRN-KRN} 33. Rc3 Rd1 34. g4 Nf6 35. Ra3 Rc1 36. b3 Rc2+ 37. Ke1 Nd5 38. Rxa6 Nb4 39. Ra8+ Kh7 40. a3 Na2 $2 (40... Ra2 41. Kd1 Nd3) 41. Rc8 Rc3 42. Kd2 Rxb3 43. Rxc5 Rb7 {White is clearly winning.} 44. Kc2 f6 45. Nb2 Re7 46. e4 {Accuracy: White = 89%, Black = 28%.} 1-0

[Event "Asian Zonal 3.3 Women 2019"]
[Site "Ulaanbaatar"]
[Date "2019.04.11"]
[Round "5.10"]
[White "Le, Thanh Tu"]
[Black "Bayarmaa, Bayarjargal"]
[Result "1-0"]
[WhiteElo "2220"]
[BlackElo "2147"]
[Annotator "TA"]
[PlyCount "129"]
[EventDate "2019.04.07"]
[EventType "swiss"]
[EventRounds "9"]
[EventCountry "MGL"]
[SourceTitle "playchess.com"]
[Source "ChessBase"]
[SourceQuality "1"]

{[%evp 20,129,67,56,58,72,89,45,46,21,87,92,109,116,88,80,66,72,78,50,75,80,73,30,42,13,31,34,49,31,31,31,33,21,58,31,40,8,3,8,38,38,38,37,45,39,42,26,20,31,134,0,0,0,0,-16,0,-22,-16,-64,-58,-60,-59,-60,-2,-14,0,-18,0,-11,0,0,0,0,0,0,0,0,52,49,62,59,76,0,35,38,63,70,674,662,1138,83,1123,1103,1025,978,29981,6111,29997,2097,1857,859,887,843,29984,29985,29985,5453,2200,2141,29989,29990]} 1. Nf3 Nf6 2. c4 g6 3. Nc3 Bg7 4. e4 d6 5. d4 O-O 6. h3 e5 7. d5 Na6 8. Bg5 Qe8 9. Be2 Nc5 10. Nd2 a5 11. g4 c6 {E90: King's Indian: Classical: Early deviations and 6 h3} 12. h4 Rb8 $146 ({Predecessor:} 12... Bd7 13. Be3 cxd5 14. cxd5 b5 15. g5 Nh5 16. Bxc5 dxc5 17. Bxh5 gxh5 18. Qxh5 Qe7 19. Nd1 {1-0 (76) Swinkels,R (2522)-Garcia Pantoja,R (2425) Havana 2013}) 13. a4 Bd7 {White is slightly better.} 14. h5 Bc8 (14... h6 $11 15. Be3 b6) 15. Be3 $16 Nfd7 16. Nb3 Qd8 17. Nxc5 Nxc5 18. g5 Qb6 19. Qc2 Qb4 20. Ra3 Bd7 21. Kf1 Qb6 22. Kg2 f6 23. hxg6 hxg6 24. gxf6 Rxf6 25. Rh2 Rbf8 26. Kg1 Qc7 27. Qd2 Rf4 28. Bxf4 exf4 29. f3 Qb6 30. Kh1 Be5 $1 31. Bf1 Kg7 32. Bh3 {aiming for Bxd7.} Be8 33. Be6 {Threatens to win with Ra1.} Qb4 34. Qe2 Rf6 (34... Rh8 $14) 35. Qf1 (35. Bh3 $16) 35... Nxe6 $11 36. dxe6 Rxe6 37. Ra1 Bf7 38. Qh3 {[%csl Gh2][%cal Rh3h8]} Kf8 39. Qf1 Re7 40. Qh3 Qxc4 41. Qc8+ Be8 (41... Re8 $15 42. Qxb7 Qd3) 42. Rg1 Bd4 43. Rd1 Be5 44. Rg1 Qe6 45. Qd8 Qc4 46. Qxa5 Qd3 47. Rh3 Bd4 {Hoping for ...Re5.} 48. Qg5 Qe3 (48... Bf7 $11) 49. Rg2 $14 {Ne2 is the strong threat.} Qc1+ 50. Kh2 Be5 51. Rh4 (51. a5 $16) 51... Qe3 52. Qg4 Rg7 53. Rh8+ Ke7 $4 {[%mdl 8192]} (53... Rg8 $14 54. Rxg8+ Kxg8) 54. Qc8 $1 $18 {[%csl LRb7,LRe8]} Bd7 55. Qf8+ $1 $40 {[%mdl 128] White has strong attack.} ({And not} 55. Qd8+ Ke6 $11) 55... Ke6 56. Rh6 Bf6 57. e5 $1 dxe5 58. Ne4 {Threatening mate with Qd6+.} Rf7 59. Qg8 (59. Qd6+ $142 Kf5 60. Rg5+ $1 {[%mdl 512]} Bxg5 61. Qxg6#) 59... Ke7 60. Rgxg6 (60. Nxf6 $142 Qd4 61. Qxg6) 60... Qe2+ 61. Rg2 Qxf3 62. Nxf6 Rxf6 63. Rg7+ (63. Qg7+ $142 Kd6 64. Qxf6+ Kc7 65. Qxe5+ Kb6 66. b4 Ka7 67. Qa5+ Kb8 68. Rg8+ Bc8 {[#]} 69. Rxc8+ $1 {[%mdl 512]} Kxc8 70. Qf5+ Kc7 71. Qe5+ Kd8 72. Rh8+ Kd7 73. Rh7+ Kd8 74. Qh8#) 63... Kd6 64. Rxf6+ Kc7 {[#]} 65. Rxd7+ $1 {Accuracy: White = 63%, Black = 42%.} 1-0

[Event "Asian Zonal 3.3 Women 2019"]
[Site "Ulaanbaatar"]
[Date "2019.04.11"]
[Round "5.11"]
[White "Nomindalai, Tumurbaatar"]
[Black "Frayna, Janelle Mae"]
[Result "1-0"]
[WhiteElo "1958"]
[BlackElo "2163"]
[Annotator "TA"]
[PlyCount "111"]
[EventDate "2019.04.07"]
[EventType "swiss"]
[EventRounds "9"]
[EventCountry "MGL"]
[SourceTitle "playchess.com"]
[Source "ChessBase"]
[SourceQuality "1"]

{[%evp 9,111,0,25,28,25,33,32,31,39,36,45,32,62,12,38,16,37,0,0,-4,-17,-162,-172,-168,-168,-166,-143,-239,-243,-298,-292,-283,-279,-465,-464,-423,-38,-39,0,0,172,-7,0,0,0,0,0,0,0,0,0,0,0,-104,0,0,0,0,0,0,160,162,185,177,193,189,179,185,178,178,201,154,207,189,201,197,184,170,344,333,329,345,341,327,400,391,475,473,473,468,501,504,587,587,584,571,570,570,521,452,462,501,769,769]} 1. d4 d5 2. Bf4 Nf6 3. e3 c5 4. c3 Nc6 5. Nd2 Qb6 6. Qb3 {D00: 1 d4 d5: Unusual lines} c4 (6... Nh5 7. Qxb6 axb6 8. Bc7 cxd4 9. exd4 e5 10. Bxe5 Nxe5 11. dxe5 Bc5 12. g3 O-O {1-0 (76) Aronian,L (2765)-Caruana,F (2832) London 2018}) 7. Qc2 g6 8. e4 {White is slightly better.} Nxe4 9. Nxe4 dxe4 10. Bxc4 Bg7 11. Be3 {[#] And now d5 would win.} Qc7 12. Qxe4 $146 ({Predecessor:} 12. Bb3 O-O 13. Qxe4 {1-0 (69) Lai,H (2173)-Janzen,A (1953) Verden 2014}) 12... Bf5 13. Qf3 (13. Qf4 $5 {[%cal Rf4c7]} e5 14. dxe5 $11) 13... O-O {...e5 is the strong threat.} 14. Bb3 e5 $36 {[%cal Re5d4][%mdl 2048] Black fights for an advantage.} 15. Qg3 (15. Ne2 $11) 15... Qa5 $19 16. d5 Nd4 $1 {[%cal Rd4b3]} 17. Bd1 Be4 18. b4 (18. Nf3 $17 {was called for.}) 18... Qxd5 19. cxd4 exd4 20. Bb3 Qb5 21. Bd2 $2 (21. a4 Qe8 22. Ne2 dxe3 {[%mdl 64] Discovered Attack} 23. Rc1) 21... Rae8 {Strongly threatening ...Bxg2+.} 22. f3 Bxf3+ $2 (22... Bc2+ $19 23. Kf2 Qd3 {[%mdl 64] Double Attack}) 23. Kf2 $15 Re2+ 24. Nxe2 Qxe2+ {[%mdl 64] [#] Double Attack} 25. Kg1 d3 {( -> ...Bd4+)} 26. Rf1 Qxd2 27. gxf3 Bd4+ 28. Rf2 $1 Qxb4 {Threatens to win with ...Re8.} 29. Kg2 Bxf2 30. Qxf2 Re8 {Hoping for ...Re2.} 31. Qg3 (31. Rb1 $11 Qa5 32. Rb2) 31... d2 ({Black should try} 31... Re2+ $17 32. Kh3 d2) 32. Qc7 $11 Re7 $1 {[%cal Re7c7]} 33. Qd8+ Kg7 {aiming for ...Re2+.} 34. Rd1 Qh4 $2 (34... Re2+ $11 35. Kf1 Re1+ 36. Kg2 Rxd1 37. Bxd1 Qf4) 35. Qxd2 $16 Re5 36. Qd4 Qf6 37. f4 Re7 38. Qxf6+ Kxf6 $18 {[%mdl 4096] Endgame KRB-KR} 39. Rd6+ Kg7 40. Kf3 Rc7 (40... f5 $16 41. Bd5 Kh6) 41. Ke3 Re7+ 42. Kd3 Rc7 43. Ba4 Rc1 $2 (43... f5 {was necessary.} 44. Bd1 b6) 44. Rd7 Rf1 45. Ke3 ({Much less strong is} 45. Rxb7 $6 Rxf4 46. Rxa7 Rf3+ 47. Kc4 Ra3 $18) 45... Re1+ 46. Kf3 Rf1+ 47. Kg3 Rg1+ 48. Kf2 {White is clearly winning.} Rg4 49. Kf3 Rh4 50. Bb3 Rxh2 51. Rxf7+ Kh8 52. Rxb7 a5 53. Ra7 Rh5 54. Rd7 Rb5 55. Rd5 Rxd5 (55... Rb6 $142 56. Rxa5 h5) 56. Bxd5 {Accuracy: White = 68%, Black = 44%.} 1-0